| 000 | 01150nam a2200373Ia 4500 | ||
|---|---|---|---|
| 008 | 170203s9999 xx 000 0 und d | ||
| 020 | _a9780439691475 | ||
| 050 | _aFic | ||
| 050 | _bS856v | ||
| 100 | _aStilton, Geronimo. | ||
| 245 | _aValentine's day disaster / | ||
| 245 | _cGeronimo Stilton ; illustrations by Larry Keys, Blasco Tabasco, and Chiara Sacchi ; English translation by Edizioni Piemme S.p.A. | ||
| 260 | _aNew York : | ||
| 260 | _bScholastic, | ||
| 260 | _c2006 | ||
| 300 | _a91 pages : | ||
| 300 | _bcolor illustrations, maps ; | ||
| 300 | _c20 cm. | ||
| 440 | _aGeronimo Stilton ; | ||
| 440 | _v#23. | ||
| 500 | _aTranslation of: Chi trova un amico -- trova un tesoro. | ||
| 650 | _aHumorous stories. | ||
| 650 | _aJournalists -- | ||
| 650 | _aMice -- | ||
| 650 | _aStilton, Geronimo (Fictitious character) -- | ||
| 650 | _aValentines -- | ||
| 650 | _xFiction. | ||
| 650 | _xJuvenile fiction. | ||
| 650 | _xJuvenile fiction. | ||
| 650 | _xJuvenile fiction. | ||
| 700 | _aKeys, Larry, illustrator. | ||
| 700 | _aSacchi, Chiara, illustrator. | ||
| 700 | _aTabasco, Blasco, illustrator. | ||
| 999 |
_c306269 _d306269 |
||